Libro negro de nuestra educación

Saved in:
書目詳細資料
主要作者: Godoy Perrín, Pedro (Author)
格式: 圖書
語言:西班牙语
出版: Santiago Tiemponuevo 2006
版:1a. ed
叢編:Colección Surazo
主題:
標簽: 添加標簽
沒有標簽, 成為第一個標記此記錄!

MARC

LEADER 00000cam a2200000 a 4500
001 UCD7971
003 CL-VaPUC
008 170422e20060000cl |||||||||||||||||spa|d
082 0 4 |a 370.1  |b GOD  |2 21 
100 |a Godoy Perrín, Pedro  |e author  |9 431574 
245 1 0 |a Libro negro de nuestra educación 
250 |a 1a. ed 
300 |a 167 p 
942 |c BK 
945 |d 20170422 00:05:00  |a dcastane 
260 |a Santiago  |b Tiemponuevo  |c 2006 
650 0 |a Filosofía de la educación   |9 258384 
583 |a last modification  |c 20170422 00:05:00  |k Rodrigo Vera 
490 0 |a Colección Surazo 
999 |c 367782  |d 367780 
952 |0 0  |1 0  |3 erb  |4 0  |6 370_100000000000000_GOD_2006  |7 0  |8 C  |9 482862  |a BIBCUR  |b BIBCUR  |i 5388805  |o 370.1 GOD 2006  |p 5388805  |r 2025-04-22  |w 2019-11-24  |y BK  |z Catalogado en:20170422  |k CAC